01822nam a2200445 i 450000100060000000300080000600500170001400600190003100700150005000800410006502000180010602000280012403500220015204000310017405000240020508000140022908200180024324501040026126400710036530000410043633600310047733700330050833800430054149000730058458800830065759001620074065000290090265000350093165000370096665000390100365000410104265000320108365500270111570000280114270000340117079700180120483000740122285600630129699900170135971507FINmELB20241217143314.0m o u cr cn|||||||||210921s2002 gw o 000 0 ger  a9783893546169 a9783964563378q(e-book) a(OCoLC)1280137957 aFINmELBbspaerdacFINmELB 4aHN110.5bS7317 2002 a316.342.204a306.0980522300aSoziale Ungerechtigkeit :bAnalysen zu Lateinamerika /cPetra Bendel, Michael Krennerich (editor). 1aFrankfurt, Alemania :bEditorial Iberoamericana - Vervuert,c2002. a1 recurso en línea (276 páginas) atextobtxt2rdacontent/spa acomputadorabc2rdamedia/spa arecurso en líneabcr2rdacarrier/spa1 aSchriftenreihe des Instituts für Iberoamerika-Kunde, Hamburg ;v57 aDescripción basada en metadatos suministrados por el editor y otras fuentes. aRecurso electrónico. Santa Fe, Arg.: elibro, 2021. Disponible vía World Wide Web. El acceso puede estar limitado para las bibliotecas afiliadas a elibro. 0aEqualityzLatin America. 0aSocial classeszLatin America. 0aSocial structurezLatin America. 4aClases socialeszAmérica Latina. 4aEstructura socialzAmérica Latina. 4aIgualdadzAmérica Latina. 4aLibros electrónicos.1 aBendel, Petra,eeditor.1 aKrennerich, Michael,eeditor.2 aelibro, Corp. 0aSchriftenreihe des Instituts für Iberoamerika-Kunde, Hamburg ;v57.40uhttps://elibro.net/ereader/politecnicointernacional/174409 c71507d71507